00420nam a2200133Ia 4500008004100000020001500041100002500056245003700081250000700118260002800125300001000153952010800163999001500271211105s9999 xx 000 0 und d aVYASA07361 aPande Govind Chandra 0aLife And Thought Of Sankaracarya a\N bMotilal banarsidassc\N a384p. 00102ddc40708DYSaSVYASAbSVYASAcR2.6Ad2002-07-15l0p01302r2021-11-09 00:00:00w2021-11-09yBKS c1029d1029